000 00605nam a2200169 4500
001 127754
003 ES-MaACL
005 20230906193058.0
007 t|
008 070214s1969 cl r ||||1| spa d
100 1 _aRivacoba y Rivacoba, Manuel de.
_997535
245 1 3 _aLa obediencia jerárquica en el Derecho Penal /
_cManuel de Rivacoba y Rivacoba ; prólogo... Francisco Blasco y Fernández de Moreda.
260 _aValparaíso :
_bUniversidad de Chile,
_c1969.
300 _a183 p. ;
_c22 cm.
700 1 _aBlasco y Fernández de Moreda, Francisco.
_929404
852 _aES-MaACL
_jC-36757
_bR.71029
999 _c127754
_d127754